Konkurenceschopnost států Latinské Ameriky a Karibiku
Vymedzenie pojmu konkurencieschopnosť. Zhodnotenie regionálnej konkurencieschopnosti štátov Latinskej Ameriky. Analýza faktorov vedúcich k dosiahnutiu miery konkurencieschopnosti.
Salvato in:
| Autore principale: | |
|---|---|
| Altri autori: | |
| Natura: | Capitolo di libro |
| Lingua: | ceco |
| Soggetti: | |
| Tags: |
Nessun Tag, puoi essere il primo ad aggiungerne!!
|
MARC
| LEADER | 00000naa a2200000 4500 | ||
|---|---|---|---|
| 001 | 0194277 | ||
| 005 | 20220713131131.3 | ||
| 041 | 0 | |a cze | |
| 044 | |a CZ | ||
| 245 | 1 | 0 | |a Konkurenceschopnost států Latinské Ameriky a Karibiku |c Lurdes Gabriela Daza Aramayo, Marek Vokoun |
| 520 | |a Vymedzenie pojmu konkurencieschopnosť. Zhodnotenie regionálnej konkurencieschopnosti štátov Latinskej Ameriky. Analýza faktorov vedúcich k dosiahnutiu miery konkurencieschopnosti. | ||
| 610 | 2 | 0 | |a Latinská Amerika |
| 610 | 2 | 0 | |a Karibská oblasť |
| 610 | 2 | 0 | |a konkurencieschopnosť |
| 610 | 2 | 0 | |a indexy |
| 100 | 1 | |a Daza Aramayo, Lurdes Gabriela | |
| 700 | 1 | |a Vokoun, Marek | |